000 00300nam a22001337a 4500
008 181012b xxu||||| |||| 00| 0 eng d
020 _a9780816040896
041 _aeng
080 _22nd
_a610
100 _a4
101 _aSHM
245 _aSleep and Sleep Disorders
_cThorpy,M.J
942 _2udc
_cBK
999 _c49563
_d49563